000 02294nam0a22003251 4500
001 v19\rc\1988320
005 20260405141536.0
035 _a(NLR Aleph) 005271070
090 _a6000060
_c6000060
100 _a20080811d1915 |||y0rusy50 ca
101 0 _arus
102 _aRU
105 _aa z |||||
200 1 _aЯн Гус
_e(Великий подвижник чеш. народа)
_eК 500-летию сожжения его на костре/ (1415-1915 гг.)
_fВ.Е. Романовский
210 _aМосква
_cА.С. Панафидина
_d1915
215 _a88 с.
_cил.
_d21
320 _aБиблиогр. в предисл.
327 1 _aСодерж.: Краткий очерк истории чешского народа до Яна Гуса; Ян Гус; Дальнейшая история чешского народа и современное положение Чехии. Приложения: 1. Отзывы Лютера о Гусе. 2. Стихотворение А. Майкова "Приговор"
464 0 _12001#$aКраткий очерк истории чешского народа до Яна Гуса$aЯн Гус$aДальнейшая история чешского народа и современное положение Чехии
_tДальнейшая история чешского народа и современное положение Чехии
464 0 _12001#$aОтзывы Лютера о Гусе
_1700#1$3RU\NLR\AUTH\773602$7ca$aЛютер$bМ.$f1483-1546$gМартин
_tОтзывы Лютера о Гусе
_aЛютер, Мартин (1483-1546)
464 0 _12001#$aПриговор$eСтихотворение А. Майкова
_1700#1$3RU\NLR\AUTH\7723198$7ca$aМайков$bА. Н.$f1821-1897$gАполлон Николаевич
_tПриговор
_aМайков, Аполлон Николаевич (1821-1897)
700 1 _aРомановский
_bВ.Е.
_gВасилий Евграфович
702 1 _4570
_8rus
_7ca
_aГус
_bЯ.
_f1369-1415
_gЯн
_3RU\NLR\AUTH\7757598
_940530
801 0 _aRU
_bNLR
_c20080811
_gpsbo
801 0 _aRU
_bRuMoRGB
_c20080811
_2psbo
801 1 _aRU
_bProSoft-M
_c20080811
_2rusmarc
801 2 _aRU
_bNLR
_c20120227
_2rusmarc
852 _aNLR
_j37.58.6.301
942 _cBOOK
980 _aNB